Statistics for Swiss Cantons by Flag

Click here to take the quiz!

General Stats

  • This quiz has been taken 394 times
  • The average score is 20 of 26

Answer Stats

HintAnswer% Correct
Bern
99%
Zürich
93%
Geneva
90%
Uri
85%
Luzern
84%
Vaud
83%
Ticino
82%
Valais
82%
Neuchâtel
81%
Zug
80%
Basel-Stadt
80%
St. Gallen
80%
Basel-Landschaft
78%
Graubünden
78%
Schwyz
78%
Fribourg
76%
Jura
74%
Aargau
71%
Glarus
70%
Solothurn
68%
Schaffhausen
68%
Thurgau
68%
Obwalden
65%
Nidwalden
65%
Appenzell Innerrhoden
54%
Appenzell-Ausserrhoden
52%

Score Distribution

Percentile by Number Answered

Percent of People with Each Score

Your Score History

You have not taken this quiz